000 00412nam a2200157Ia 4500
003 GCL
008 140319s9999 xx 000 0 ara d
040 _aGCL /
_cGCL
082 0 4 _aد
_b050
100 1 _aرجب سعد السيد
245 1 0 _aالارض شفاها الله ( اقرا 587 ) /
_cرجب سعد السيد
300 _a168 ص
490 _aاقرأ
_v0
650 0 4 _aالارض
942 _2ddc
_cBK
999 _c49430
_d49430